| 000 | 01137nam a2200205 a 4500 | ||
|---|---|---|---|
| 003 | DO-SdBNP | ||
| 005 | 20260205110706.0 | ||
| 007 | ta | ||
| 008 | 220831e |||ao||gr|||| 001 0 spa d | ||
| 040 |
_aDO-SdBNP _bspa _cBNPHU |
||
| 082 | _bI43g | ||
| 110 | 2 |
_96892 _aBanco Popular Dominicano |
|
| 245 | 1 | 0 |
_aInforme gestión anual 2018: _hrazones para creer, razones para querer. |
| 260 |
_aSanto Domingo : _bBanco Popular Dominicano, _c[2018] |
||
| 300 |
_a235 p. : _bil., fotogr. ; _c29 cm. |
||
| 505 |
_tIndicadores financieros.-- _tCarta del Presidente.-- _tInforme del Consejo de Administración.-- _t55 años, 55 razones.-- _tRazones para innovar.-- _tRazones para crecer.-- _tRazones para avanzar.-- _tRazones para seguir mejorando.-- _tHistorias llenas de razones.-- _tInforme de la gestión integral de riesgos 2018.-- _tEstados financieros sobre base regulada.-- _tPerfiles miembros del Consejo Administración.-- _tComités del Consejo de Administración.-- _tPrincipales ejecutivos.-- _tDirectorio de oficinas. |
||
| 590 | _aInventariado 2022 / MF | ||
| 650 | 0 |
_aInformes técnicos _xRedacción _vInformes Técnicos _97867 |
|
| 942 |
_2ddc _cLBS1 |
||
| 999 |
_c52355 _d52355 |
||